[Event "ICS rated blitz match"]
[Site "204.178.125.65"]
[Date "1999.10.01"]
[Round "?"]
[White "Hossa"]
[Black "ThunderLips"]
[Result "0-1"]
[WhiteElo "2430"]
[BlackElo "2485"]
[Annotator "Fritz 5.32 (60s)"]
[PlyCount "119"]
[EventDate "1999.??.??"]

1. e4 e5 2. Nf3 Nc6 3. Bb5 a6 4. Ba4 Nf6 5. O-O Be7 6. Re1 b5 7. Bb3 d6 8. c3
O-O 9. h3 Be6 10. d4 Bxb3 11. axb3 11... d5 $16 (11... h6 12. Nbd2 Qd7 13. Nf1
Bd8 14. Ng3 exd4 15. cxd4 Ne7 16. Be3 Ng6 17. Qd2 Re8 18. Bxh6 gxh6 19. Qxh6
Qe7 20. e5 dxe5 21. dxe5 Nh7 22. e6 Qf8 23. exf7+ Qxf7 24. Rxe8+ Qxe8 25. Re1
Qf7 26. Qc1 {- Miles,R-Casksey,S/Sunderland 1966/EXT 99 (26)}) (11... exd4 $5
$142 {muss unbedingt geprueft werden} 12. Nxd4 Nxd4 13. Qxd4 13... Re8 $11) (
11... Qd7 12. Nbd2 Rfe8 13. d5 Nd8 14. Nf1 c6 15. dxc6 Qxc6 16. Ng3 Ne6 17. b4
Rad8 18. Qb3 h6 19. Qa2 Ra8 20. Qb1 Bd8 21. Be3 Bc7 22. Nh4 Nf4 23. Nhf5 d5 24.
Bc5 dxe4 25. Nxe4 N6d5 26. Ne3 {
Averbakh,Y-Konstantinopolsky,A/Moscow 1950/URS-ch/0-1 (58)}) 12. exd5 Nxd5 13.
Nxe5 Nxe5 14. Rxe5 Bf6 15. Re4 Re8 16. Rxe8+ (16. Nd2 16... Be7 $16) 16... Qxe8
17. Na3 b4 18. Nb1 Qe6 (18... Qe4 19. Bd2 $16) 19. c4 Ne7 20. d5 {
Weiss gewinnt Raum} 20... Qe5 21. Nd2 c6 22. dxc6 {
Weiss hat einen starken Freibauern} 22... Nxc6 23. Nf3 Qe8 24. Ra2 Rd8 25. Qf1
a5 26. Bf4 Qe4 27. Bc7 Rc8 28. Nd2 Qc2 29. Qe1 h6 30. Bb6 (30. Bf4 Bxb2 31. Qe4
Qxe4 32. Nxe4 Re8 33. Rxb2 33... Rxe4 $11) 30... Bg5 31. Be3 $17 (31. Ne4 31...
Bf4 $15) 31... Re8 $15 (31... Rd8 32. Bxg5 hxg5 33. Nf1 $17) 32. Ra1 Qxb2 33.
Rb1 Qc2 34. Qd1 Qxd1+ 35. Rxd1 Bxe3 36. fxe3 Rxe3 37. Kf2 Rd3 38. Ke2 Rc3 39.
Rb1 Nd4+ 40. Kf2 f5 41. h4 f4 42. Rb2 (42. h5 42... Kf7 $19) 42... Re3 43. Kg1
43... Re1+ {Schwarz haelt das Heft fest in der Hand} 44. Nf1 g6 45. Kf2 Re4 46.
Nd2 (46. Kg1 46... Kf7 $19) 46... Re2+ 47. Kf1 f3 48. Nxf3 (48. gxf3 48... Rh2
$19) 48... Rxb2 49. Nxd4 Kf7 (49... Rd2 $142 {
erleichterte Schwarz die Gewinnfuehrung} 50. Nb5 $19) 50. c5 (50. g3 Kf6 51.
Ke1 51... Rg2 $19) 50... Rd2 51. Nc6 (51. Nf3 {waere gleichermassen fruchtlos}
51... Rc2 52. Ke1 a4 53. bxa4 b3 (53... Rxg2 $6 54. Nd4 $19) (53... Rxc5 $143
54. Nd4 $19) 54. Ne5+ 54... Ke6 $19) 51... Rd5 52. Nxa5 (52. Ke2 {
aendert nichts am Ausgang der Partie} 52... Rxc5 53. Nd4 53... Rc3 $19) 52...
Rxc5 53. h5 (53. Nb7 {ist vielleicht noch ein Schwindelversuch} 53... Rd5 54.
Ke2 $19) 53... Rxa5 54. hxg6+ Kxg6 55. Kf2 Ra3 56. Ke3 Rxb3+ 57. Ke4 Rg3 58.
Kd4 (58. Kd5 {aendert nichts mehr} 58... Kf5 59. Kc5 b3 60. Kd5 b2 61. Kd4 b1=Q
62. Kc5 Rc3+ 63. Kd6 Qb6+ 64. Ke7 Rc7+ 65. Kf8 Qb8#) 58... b3 59. Ke4 (59. Ke5
{hilft allerdings auch nicht} 59... b2 60. Ke6 b1=Q 61. Kd5 Kf6 62. Kc6 Qc2+
63. Kd5 Rd3+ 64. Ke4 Qc4#) 59... Rxg2 (59... b2 60. Ke5 b1=Q 61. Kd5 Kf6 62.
Kc6 Qc2+ 63. Kd5 Rd3+ 64. Ke4 Qc4#) 60. Ke5 (60. Kf3 {nuetzt auch nichts mehr}
60... Rc2 61. Ke4 b2 62. Kf4 b1=Q 63. Ke5 Qe1+ 64. Kf4 Rf2+ 65. Kg3 Qe3+ 66.
Kg4 Rf4#) 0-1

[Event "ICS rated blitz match"]
[Site "204.178.125.65"]
[Date "1999.10.01"]
[Round "?"]
[White "Hossa"]
[Black "ThunderLips"]
[Result "0-1"]
[WhiteElo "2405"]
[BlackElo "2510"]
[Annotator "Fritz 5.32 (60s)"]
[PlyCount "130"]
[EventDate "1999.??.??"]

1. e4 Nf6 2. e5 Nd5 3. d4 d6 4. Nf3 g6 5. Bb5+ $11 (5. exd6 cxd6 6. c3 (6. Bc4
Nb6 7. Bb3 Bg7 8. O-O Nc6 9. c3 O-O 10. a4 Bf5 11. Bc2 Bxc2 12. Qxc2 Na5 13.
Nbd2 d5 14. Nb3 Nxb3 15. Qxb3 Qc7 16. Re1 Nc4 17. g3 Rfc8 18. Bf4 Qd7 19. Qc2
Rc6 20. Nd2 20... Rac8 {Hartston,W-Gheorghiu,F/Hastings 1967/EXT 99/ - (32)})
6... Bg7 7. Nbd2 O-O 8. Be2 Nf4 9. O-O Qd7 10. Ne4 Nxe2+ 11. Qxe2 b6 12. Re1
Ba6 13. Qc2 Nc6 14. Qa4 Bb7 15. d5 Ne5 16. Qxd7 Nxd7 17. Rd1 Rac8 18. Be3 Rfe8
19. Rd2 19... Rc4 {Zauner,P-Gluckman,D/Oberwart 1992/TD/0-1 (42)}) (5. h3 Bg7
6. Be2 Nc6 7. exd6 cxd6 8. c4 Nb6 9. d5 Ne5 10. Nxe5 Bxe5 11. O-O O-O 12. Nd2
e6 13. dxe6 Bxe6 14. Qb3 Rc8 15. Nf3 Bf6 16. Rd1 Bxc4 17. Bxc4 Rxc4 18. a4 Qc7
19. Be3 Rd8 20. Nd4 d5 21. Nb5 Qe7 22. Bxb6 axb6 23. Rxd5 Rxd5 24. Qxc4 Rd2 25.
Qf4 Rxb2 26. Rc1 Kg7 27. g3 27... Rb4 {
- Rausis,I-Petit,E/Bordeaux 1990/EXT 97 (27)}) (5. Nc3 Nxc3 6. bxc3 Bg7 7. Bd3
Nc6 8. exd6 cxd6 9. O-O O-O 10. Bg5 h6 11. Bd2 e5 12. Bb5 Bd7 13. Qc1 e4 14.
Bxc6 Bxc6 15. Ne1 Bb5 16. Bxh6 Bxf1 17. Kxf1 Rc8 18. Bd2 Qa5 19. g3 19... Rxc3
{Menvielle Lacourrelle,A-Hort,V/La Habana 1966/EXT 99/0-1 (36)}) (5. c4 5...
Nb6 $11) 5... c6 6. Be2 dxe5 7. Nxe5 Bg7 8. O-O Bf5 9. g4 Be6 10. Na3 Nd7 11.
c4 N5b6 ({Jedoch nicht} 11... Nxe5 12. cxd5 (12. dxe5 $143 12... Nb6 $11) 12...
Bxg4 13. dxe5 Bxe2 14. Qxe2 Qxd5 15. f4 $16) 12. f4 12... Nxe5 $11 (12... Nf8
13. c5 Nd5 14. f5 $11) 13. fxe5 {Weiss erobert Raum} 13... O-O 14. Bf4 14... f5
$11 (14... f6 $5 $15) 15. gxf5 $15 (15. g5 Qd7 16. Qd3 16... Bf7 $14) 15...
Bxf5 16. Qd2 Qd7 17. Rf2 Rad8 18. Rd1 Qc8 19. Bh6 Be4 20. Rxf8+ Rxf8 21. Bxg7
21... Qh3 {Es droht Matt} 22. Qg5 22... Kxg7 $14 (22... Rf5 $5 23. Qg3 Qxg3+
24. hxg3 24... Kxg7 $11) 23. Qxe7+ 23... Kg8 {Droht Matt} 24. Qg5 Na4 25. Rf1
Nxb2 26. Rxf8+ Kxf8 27. Qg3 Qxg3+ 28. hxg3 Na4 29. Bd1 (29. Kf2 29... Nc3 $15)
29... Nc3 30. Bb3 $17 (30. Bg4 h5 31. Bc8 31... b6 $15) 30... Ne2+ 31. Kf2 Nxd4
32. Ke3 Nxb3 33. axb3 Bf5 34. Kd4 $19 (34. c5 $5 $17) 34... g5 35. c5 Be6 36.
b4 h5 37. Nc2 h4 38. gxh4 gxh4 39. Ke3 h3 40. Kf2 Ke7 41. Nd4 Bd5 42. Kg3 Bg2
43. Nf5+ $2 (43. Kh2 $19) 43... Ke6 44. Nd6 b6 (44... Kxe5 $5 $142 {
damit wuerde Schwarz es sich noch erleichtern} 45. Nxb7 Kd4 46. Nd6 $19) 45.
cxb6 axb6 46. Nc4 46... b5 {Nun geraet Weiss unter starken Druck.} 47. Ne3 $2 (
47. Nd6 $19) 47... Kxe5 48. Nc2 Ke4 49. Na1 Kd4 50. Nb3+ Kc3 51. Nc5 Kxb4 52.
Ne6 Kc4 53. Ng7 (53. Nd8 {waere gleichermassen fruchtlos} 53... c5 54. Nf7 b4
55. Nd6+ 55... Kd3 $19) 53... b4 54. Ne6 b3 55. Nf4 c5 56. Ne6 Kb4 57. Nf4
57... c4 {Schwarz droht b2} 58. Ne6 58... b2 $1 {glaenzend gespielt} 59. Kg4
b1=Q 60. Kg5 {Schwarz darf Weiss nun nicht zu Nc7 kommen lassen} 60... Qe4 {
Mit der Mattdrohung Qxe6} 61. Kf6 h2 62. Nf8 (62. Ng5 {
macht keinen grossen Unterschied} 62... Qf4+ 63. Ke7 Qxg5+ 64. Ke6 h1=Q 65. Kd7
Qh7+ 66. Kd6 Qhe7#) 62... h1=Q 63. Kf7 Qh5+ 64. Kg8 Qee8 65. Kg7 Qef7# 0-1

[Event "ICS rated blitz match"]
[Site "204.178.125.65"]
[Date "1999.09.26"]
[Round "?"]
[White "Hossa"]
[Black "ThunderLips"]
[Result "0-1"]
[WhiteElo "2425"]
[BlackElo "2223"]
[Annotator "Fritz 5.32 (60s)"]
[PlyCount "131"]
[EventDate "1999.??.??"]

1. e4 Nf6 2. e5 Nd5 3. d4 d6 4. Nf3 g6 5. Bc4 Nb6 6. Bb3 Bg7 7. a4 dxe5 8. Nxe5
(8. a5 N6d7 9. Bxf7+ Kxf7 10. Ng5+ Kg8 11. Ne6 Qe8 12. Nxc7 Qd8 13. Ne6 Qe8 14.
Nc7 {- Svidler,P-Khalifman,A/Vilnius 1995/CBM 50 ext (14)}) 8... O-O (8... Bxe5
9. dxe5 Qxd1+ 10. Kxd1 Nc6 11. a5 Nd7 12. e6 fxe6 13. Bxe6 Nde5 14. Bxc8 Rxc8
15. f3 Rd8+ 16. Bd2 O-O 17. b3 g5 18. h3 Ng6 19. Kc1 Nf4 20. Ra4 Rd4 21. Rxd4
Nxd4 22. Re1 Nxg2 23. Rxe7 Rf7 24. Re8+ Rf8 25. Re7 Rf7 26. Re8+ 26... Rf8 {
- Pikula,D-Sutter,O/Biel 1996/EXT 98 (26)}) 9. O-O 9... Bf5 $146 (9... c5 10.
a5 N6d7 11. Nxd7 Bxd7 12. d5 Na6 13. Qe2 Re8 14. c3 Nc7 15. Rd1 Nb5 16. Nd2 Nd6
17. Ne4 Rc8 18. Bf4 Bf5 19. Ng3 Bd7 20. h4 Bb5 21. c4 Bd7 22. Be5 f6 23. Bf4
Nf7 24. Bc2 f5 25. Ra3 Bd4 26. Nxf5 e5 27. Nxd4 exd4 28. Qd2 Qxh4 29. Rb3 Ne5
30. Bg3 Qg4 31. Rxb7 Nxc4 32. Qh6 Ne5 33. Bxe5 Rxe5 34. f3 Qh5 35. Qxh5 gxh5
36. Rxd7 Re2 37. Bxh7+ Kf8 38. Rb7 Rd8 39. Be4 Rd6 40. b4 Ra6 41. Bd3 {
1-0 Cosulich,R-Westerinen,H/Venice 1971/EXT 99 (41)}) 10. Bg5 10... N8d7 $14 (
10... N6d7 11. Nc4 Nf6 12. Nc3 $11) 11. a5 Nxe5 12. axb6 Nc6 13. bxc7 $11 (13.
d5 $5 13... Nd4 14. Rxa7 $11) 13... Qxc7 (13... Qxd4 14. Nc3 $11) 14. c3 {
Ueberdeckt b4} 14... h6 15. Bh4 Rfc8 16. Nd2 Na5 17. Bd5 (17. Ba2 17... e6 $14)
17... e6 $14 (17... Nc6 18. Re1 e6 19. Bf3 $14) 18. Rxa5 Qxa5 19. Bxb7 Qb5 20.
Bxa8 Rxa8 21. Qc1 Rc8 22. Nf3 22... Be4 $16 (22... Qb7 23. Ne5 $14) 23. Ne5
23... f6 {Staerkt g5} 24. Ng4 g5 25. Bg3 f5 26. Ne5 {
Ein schoenes Feld fuer den Springer} 26... f4 {Schwarz erobert Raum} 27. Bxf4
gxf4 28. Qxf4 Bf5 29. Qc1 29... Rb8 {
Uebt Druck auf den rueckstaendigen Bauern b2 aus} 30. g4 $15 (30. Qe3 Qxb2 31.
g4 31... Bc2 $15) 30... Bh7 $11 (30... Bxe5 $5 31. gxf5 31... Bd6 $17) 31. b4
Bxe5 32. dxe5 Qxe5 33. Qxh6 33... Bc2 $14 (33... Rf8 34. Qe3 Qxe3 35. fxe3 $11)
34. Qd2 Bb3 35. h3 $11 (35. Ra1 Qg7 36. h3 36... Rc8 $11) 35... Rc8 36. Rc1 a5
37. bxa5 Qxa5 38. h4 $15 (38. Qe3 Qc5 39. Qe1 39... Qd5 $11) 38... Qe5 $11 (
38... Rc4 39. f3 $15) 39. Qd3 $15 (39. c4 Rf8 40. Rc3 40... Bd1 $15) 39... Bd5
40. Qg6+ Kf8 41. Qh6+ Ke7 42. Ra1 (42. Qh7+ Kd6 43. Qd3 43... Rc4 $19) 42...
Rh8 {Droht Matt: Rxh6} (42... Rxc3 43. Ra7+ Rc7 44. Rxc7+ Qxc7 45. Qg7+ Kd6 46.
Qxc7+ Kxc7 47. h5 $11) 43. Ra7+ Kd6 (43... Kd8 44. Qe3 Qxe3 45. fxe3 Rxh4 46.
Rg7 $19) 44. Ra6+ Kc7 (44... Bc6 $5 $142 45. Qd2+ Kc7 46. Ra7+ Kc8 47. Ra6 $19)
45. Qe3 45... Qxe3 {Es droht Matt} 46. fxe3 Rxh4 47. Ra4 Kd6 48. Kf1 Rh1+ 49.
Ke2 Rh2+ 50. Kf1 Rc2 51. g5 Rxc3 52. Ke2 (52. Rg4 Rc4 (52... Rxe3 53. g6 $19)
53. Rg3 53... Rc7 $19) 52... Rc2+ 53. Kf1 Bc4+ 54. Ke1 Kd5 55. Kd1 Rg2 56. Kc1
Kc5 57. Ra7 (57. g6 {kann das Vorangegangene nicht ungeschehen machen} 57...
Kb5 $1 {das war die Absicht} 58. Ra8 58... Kb4 $19) 57... Rxg5 (57... Kb4 $5 {
ginge schneller} 58. Kd1 $19) 58. Kb2 (58. Kd2 {
aendert nichts am Ausgang der Partie} 58... Rd5+ 59. Ke1 59... Kb4 $19) 58...
Rg3 59. Ra3 (59. Rc7+ {aendert den traurigen Lauf der Dinge nicht} 59... Kb4
60. Rb7+ 60... Bb5 $19) 59... Kb4 {Droht Matt: Rg2} 60. Ra7 (60. Rc3 {
hilft allerdings auch nicht} 60... e5 $19) 60... Rxe3 (60... Rg2+ $142 {
ist genauer} 61. Kc1 Kc3 62. Rd7 $19) 61. Rb7+ Kc5 62. Kc2 e5 63. Rb8 Rf3 64.
Rd8 e4 65. Kb2 (65. Rb8 {holt die Kuh nicht vom Eis} 65... e3 66. Rb1 Rf2+ 67.
Kc3 67... Rf1 $19) 65... e3 66. Re8 0-1

[Event "ICS rated blitz match"]
[Site "204.178.125.65"]
[Date "1999.09.26"]
[Round "?"]
[White "Hossa"]
[Black "ThunderLips"]
[Result "0-1"]
[WhiteElo "2519"]
[BlackElo "2129"]
[Annotator "Fritz 5.32 (60s)"]
[PlyCount "119"]
[EventDate "1999.??.??"]

1. e4 d5 2. exd5 Qxd5 3. Nc3 Qa5 4. d4 Nf6 5. Bc4 c6 6. Nge2 Nbd7 (6... Bg4 7.
f3 Bh5 8. Bd2 Nbd7 9. Ng3 e6 10. Qe2 Bg6 11. Nce4 Qc7 12. c3 Be7 13. Bb3 a5 14.
O-O O-O 15. f4 Nxe4 16. Nxe4 Nf6 17. Ng3 a4 18. Bc4 b5 19. Bd3 Bxd3 20. Qxd3 c5
21. dxc5 Bxc5+ 22. Kh1 Rfd8 23. Qe2 Qd7 24. Rad1 Qd3 25. Bc1 {
- Howard,E-Houska,M/GBR 1998/EXT 99 (25)}) 7. Bd2 $146 (7. O-O Qd8 8. Ng3 Nb6
9. Bb3 g6 10. Bg5 Bg7 11. Qd2 O-O 12. Rad1 Nbd5 13. Nce4 Nxe4 14. Nxe4 Bf5 15.
Rfe1 Bxe4 16. Rxe4 Re8 17. c4 Nf6 18. Re2 Qd7 19. h3 a5 20. Bc2 b5 21. b3 21...
Qa7 {Koch,J-Prie,E/Cannes 1993/TD/1-0 (60)}) 7... e5 $14 (7... Qb6 8. Bb3 $11)
8. O-O 8... Qb4 $2 $16 (8... Qb6 $11 $142 {
damit waere Schwarz im Spiel geblieben}) 9. Nb5 $1 {haelt den Vorteil fest}
9... Qxc4 10. Nc7+ Kd8 11. Nxa8 exd4 12. Nxd4 Bd6 13. Bg5 Qc5 14. Qd2 Re8 (
14... h6 15. Bxf6+ Nxf6 16. Rad1 $18) 15. Rad1 Be5 16. c3 Qd5 (16... h6 17.
Bxf6+ Bxf6 18. Rfe1 Rxe1+ 19. Rxe1 $18) 17. Rfe1 17... Qxa2 $2 (17... h6 18.
Bxf6+ gxf6 19. Qxh6 19... Rg8 $18) 18. Nf3 Bb8 19. Bxf6+ (19. Rxe8+ $142 {
und Weiss gewinnt} 19... Kxe8 20. Bf4 Bxf4 21. Qxf4 $18) 19... gxf6 20. Qh6 {
Droht Matt} 20... Rxe1+ 21. Nxe1 $16 (21. Rxe1 Bd6 22. Qxh7 22... Nf8 $18)
21... Ke7 (21... Qxb2 $4 {den sollte Schwarz lieber stehen lassen} 22. Qf8#)
22. Nd3 Nf8 23. Qh4 Bd6 24. Qe4+ Be6 25. Qd4 Qa5 26. h3 {Ueberdeckt g4} 26...
Bb3 27. Re1+ Ne6 28. Nc1 Bc2 29. b4 Qa4 (29... Qg5 30. Qxa7 Be4 31. Qxb7+ Kd8
32. g3 Bxg3 33. Kf1 $16 (33. fxg3 $4 33... Qxg3+ 34. Kf1 Qg2#) (33. Qxf7 $4 {
vergiftet...} 33... Bh4+ 34. Kf1 Qg2+ 35. Ke2 Qxf2+ 36. Kd1 Qxe1#)) 30. Qd2 b6
31. Ne2 c5 32. Nf4 $1 {die richtige Fortsetzung, um den Vorteil festzuhalten}
32... Bb3 (32... Bxf4 $2 {haelt einer naeheren Pruefung nicht stand} 33. Qxf4
Qb3 34. Qd2 $18) 33. Nd3 $4 $17 {vergibt den Vorteil} (33. Nd5+ Bxd5 34. bxc5
Bxc5 35. Qxd5 $14) 33... Qc6 34. Nc1 Bc4 35. Nxb6 Qxb6 36. Re4 Qb5 37. bxc5
37... Qxc5 {Der Freibauer a7 ist ein wichtiges Motiv} 38. Qh6 (38. Qe3 38...
Qc7 $17) 38... Bd5 39. Re3 Bb7 (39... Qc4 40. Qxh7 Bf4 41. Qd3 Bxe3 42. Qxe3
$19) 40. Nd3 40... Qg5 {Mit der Mattdrohung Qxg2} 41. Qxg5 fxg5 42. h4 gxh4 43.
Ne5 (43. Rh3 43... Be4 $19) 43... a5 44. Nc4 Bc5 45. Rh3 a4 46. Rxh4 Ng5 47.
Nb2 (47. Nd2 Bc6 48. Rh6 $19) 47... Ne4 (47... a3 $142 {ist der schnellste Weg}
48. Nd3 Ne4 49. Rh1 $19) 48. Nd3 (48. Rxe4+ Bxe4 49. Nxa4 $19) 48... a3 49.
Nxc5 (49. Rh1 {macht keinen grossen Unterschied} 49... a2 50. Kh2 Bd6+ (50...
Bxf2 $6 51. Ra1 $19) 51. Kh3 51... Ba6 $19 (51... Nxc3 $143 52. Re1+ Be4 53.
Nb2 $19)) 49... Nxc5 {Schwarz fuehrt die Partie kraftvoll zu Ende} 50. Rh1 Nb3
51. Rh3 (51. f3 {waere gleichermassen fruchtlos} 51... a2 52. Kf2 a1=Q 53. Rxa1
53... Nxa1 $19) 51... a2 52. Re3+ Kd6 53. Re1 53... Be4 $1 {
und der Wal spuckt Jonas wieder aus} 54. Rxe4 a1=Q+ 55. Kh2 Qxc3 56. Re3 Qc4
57. Rh3 Qf4+ 58. Kg1 Nd4 (58... Qd2 $5 {
damit wuerde Schwarz es sich noch erleichtern} 59. Re3 $19) 59. Rd3 (59. Re3 {
aendert nichts am Ausgang der Partie} 59... Qf5 $19) 59... Kd5 (59... Qc1+ $5 {
gibt noch groesseren Vorteil} 60. Kh2 Qb2 61. Kg3 $19) 60. Re3 0-1

[Event "ICS rated blitz match"]
[Site "204.178.125.65"]
[Date "1999.09.26"]
[Round "?"]
[White "Hossa"]
[Black "ThunderLips"]
[Result "1/2-1/2"]
[WhiteElo "2462"]
[BlackElo "2186"]
[Annotator "Fritz 5.32 (60s)"]
[PlyCount "381"]
[EventDate "1999.??.??"]

1. e4 c6 2. Nc3 d5 3. Qf3 d4 4. Bc4 Nf6 5. e5 dxc3 6. exf6 exf6 7. dxc3 (7.
bxc3 Bd6 8. d4 O-O 9. Ne2 Re8 10. O-O Nd7 11. Bd3 Nf8 12. c4 Ne6 13. h4 g6 14.
c5 Bf8 15. Be3 f5 16. g3 Bg7 17. Rad1 Bd7 18. Bc4 Qc7 19. Rd3 b5 20. cxb6 axb6
21. d5 cxd5 22. Bxd5 22... Ra5 {- Horvath,Z-Borsi,I/HUN-chT 1992/TD (22)}) (7.
Qxc3 Bd6 8. d4 O-O 9. Ne2 Re8 10. Qf3 Qa5+ 11. c3 Qf5 12. Qxf5 Bxf5 13. a4 Nd7
14. Be3 Nb6 15. Bb3 Be6 16. Bd1 Bd5 17. O-O g5 18. b3 Be4 19. c4 Nd7 20. Re1
Bb4 21. Rf1 Bd3 22. g4 Re7 23. Kg2 Rd8 24. c5 Nf8 25. a5 Bxe2 26. Bxe2 Bc3 27.
Ra4 Bd2 28. a6 Bxe3 29. fxe3 Rxe3 30. Bf3 Rxb3 31. axb7 Rb2+ 32. Rf2 Rxf2+ 33.
Kxf2 33... Rb8 {- Vieira,O-Rodrigues,J/Bello Horizonte 1997/EXT 99 (33)}) 7...
Nd7 $146 (7... Bd6 8. Be3 Be6 9. Bxe6 fxe6 10. O-O-O Qe7 11. Ne2 Nd7 12. Nd4
Ne5 13. Qh3 f5 14. Rhe1 O-O-O 15. Bf4 Ng4 16. Qg3 Bxf4+ 17. Qxf4 Qf7 18. f3 Nf6
19. Nxe6 Rxd1+ 20. Kxd1 Nd5 21. Qd6 g6 22. c4 Nb6 23. b3 h6 24. c5 Nd5 25. c4
Nf6 26. Kc2 Re8 27. Re5 Qd7 28. f4 Ne4 29. Qxd7+ Kxd7 30. Nd4 Rxe5 31. fxe5
Nxc5 32. b4 Ne6 33. Nf3 Nf4 34. g3 Nh5 35. Kd3 Ke6 36. Kd4 Ng7 37. a4 g5 38. a5
Ne8 39. b5 cxb5 40. cxb5 Nc7 41. b6 axb6 42. axb6 {
Starr,N-Bijoux,C/Jakarta 1993/EXT 97/ - (55)}) 8. Bf4 Qe7+ 9. Ne2 Ne5 10. Bxe5
Qxe5 (10... fxe5 11. O-O $11) 11. O-O-O Qg5+ 12. Nf4 Be7 13. Rde1 Bg4 14. Qg3
14... Kf8 $18 (14... Bd7 $5 $14 $142 {sieht spielbar aus}) 15. h4 Qf5 16. f3
Bh5 (16... Qc5 17. Qxg4 f5 (17... Qxc4 $4 {
Schwarz kann den Laeufer nicht schlagen} 18. Ng6+ hxg6 19. Qxc4 $18) 18. Rxe7
Qxe7 (18... fxg4 $4 {zu gierig} 19. Rxf7+ Kg8 20. Bb3 $18) 19. Qxf5 19... b5
$18) 17. Nxh5 Qxh5 18. Qc7 $16 (18. Rxe7 Kxe7 19. Qc7+ (19. Qxg7 Qg6 20. Re1+
Kd6 21. Qxf7 Qxf7 22. Bxf7 Raf8 23. Rd1+ 23... Kc7 $11) 19... Kf8 20. Rd1 $18)
18... Re8 $18 (18... Qc5 $5 19. Re2 g6 20. Rhe1 Qxc4 21. Rxe7 $18 (21. Qxe7+ $6
21... Kg7 $11)) 19. Qxb7 (19. Re3 b5 20. Rhe1 20... Qxh4 $18) 19... Qc5 20. Bd3
f5 21. Qd7 $16 (21. Re2 21... Rd8 $18) 21... g6 22. Qd4 $14 (22. h5 Bg5+ 23.
Kb1 Rxe1+ 24. Rxe1 24... Kg7 $16) 22... Qxd4 23. cxd4 Rd8 24. c3 {Sichert b4}
24... c5 25. h5 Bg5+ 26. Kc2 cxd4 27. hxg6 27... fxg6 {Deckt f5} 28. Re6 dxc3
29. Rxg6 29... hxg6 {Verwehrt dem Gegner f5} 30. Rxh8+ 30... Ke7 $16 (30... Kg7
31. Rxd8 Bxd8 32. Kxc3 Bf6+ 33. Kc2 $14) 31. Rxd8 $14 (31. Rh7+ Kd6 32. bxc3
32... Rd7 $16) 31... Kxd8 32. bxc3 Bf4 33. g4 fxg4 34. fxg4 g5 35. a4 Kc7 36.
a5 Kc6 37. Bc4 Kc5 38. Kb3 Bc7 39. a6 Kb6 40. Bd3 Bd6 41. Bf1 Be5 42. Kc2 Kc5
43. Be2 Bf6 44. Kb3 Kc6 45. Kb4 Kb6 46. Bf1 Be7+ 47. Kb3 Bd6 48. Bd3 Bf4 49.
Be2 Kc5 50. Kc2 Be5 51. Bf1 Bf4 52. Kd3 Bc1 53. Bg2 Bf4 54. Be4 Bc1 55. Bf5 Bf4
56. Be6 Bc1 57. Kc2 Bf4 58. Bf5 Bc7 59. Bd3 Bf4 60. Kb2 Be3 61. Kb3 Bf4 62. Bf1
Bc1 63. Ka2 Bd2 64. Kb2 Bf4 65. Be2 Bh2 66. Bd3 $11 (66. Kc1 Bf4+ 67. Kd1 67...
Kb6 $14) 66... Bf4 $14 (66... Be5 67. Bb1 $11) 67. Bf1 Be3 68. Be2 Bf2 69. Kc2
Bg3 70. Kd3 Bf4 71. Ke4 Bc1 72. Bd3 Bf4 73. Kf5 Bc1 74. Ke5 Bd2 75. Kf6 Bf4 76.
Be2 Bc1 77. Ke5 Bf4+ 78. Ke6 Bc1 79. Kf6 Bf4 80. Bd3 Bc1 81. Kf5 Bf4 82. Ke4
Bc1 83. Bf1 Bf4 84. Kf5 Bc1 85. Kf6 Bf4 86. Kg6 Bc1 87. Kf5 Bf4 88. Ke4 Bc1 89.
c4 Bf4 (89... Ba3 90. Kd3 $11) 90. Be2 (90. Kd3 90... Be5 $14) 90... Bc1 91.
Kd3 Bf4 92. Bf3 Bc1 93. Bb7 Bf4 94. Bc8 Bc1 95. Bd7 Bf4 96. Bb5 Bc1 97. Ke4 Bf4
98. Kf5 Bc1 99. Kg6 Bf4 100. Kf6 Bc1 101. Kf7 Bf4 102. Ke6 Bc1 103. Kf6 Bf4
104. Ke7 Bc1 105. Kd7 Bf4 106. Kc8 Be3 107. Kb7 Kd6 108. Bc6 Bg1 109. Bg2 Bc5
110. Be4 Bg1 111. Bf5 Bc5 112. Bd3 Bg1 113. Be4 Bc5 114. Bd5 Bg1 115. Bc6 Bc5
116. Bf3 Bg1 117. Bd5 Bc5 118. Bf7 Bg1 119. Bg6 Bc5 120. Bf5 Bg1 121. Bc2 Bc5
122. Bg6 Bg1 123. Bd3 Bc5 124. Bh7 Bg1 125. Bg8 Bc5 126. Kc8 Bg1 127. Bd5 Bc5
128. Ba8 Bg1 129. Kb8 Bc5 130. Bb7 Bg1 131. Bh1 Bc5 132. Bf3 Bg1 133. Bb7 Bc5
134. Be4 Bg1 135. Kc8 Bc5 136. Bf3 Bg1 137. Kb8 Bc5 138. Bg2 Bg1 139. c5+ Bxc5
140. Be4 Bg1 141. Kc8 Bb6 142. Kb7 Bg1 143. Bf5 Bb6 144. Bd3 Bg1 145. Bh7 Bb6
146. Bf5 Bg1 147. Kc8 Bb6 148. Bg6 Ba5 149. Kb7 Bb6 150. Bf7 Bg1 151. Bb3 Bb6
152. Bc2 Bg1 153. Bb1 Bb6 154. Bg6 Bg1 155. Be8 Bb6 156. Ba4 Bg1 157. Kc8 Bb6
158. Bc2 Bg1 159. Kd8 Bb6+ 160. Ke8 Bg1 161. Kf7 Be3 162. Kf6 Bc1 163. Bf5 Bf4
164. Bc8 Bc1 165. Bb7 Bf4 166. Kf5 Bc1 167. Ke4 Bf4 168. Ba8 Bc1 169. Bd5 Bf4
170. Bb7 Bc1 171. Ba8 Bf4 172. Kd4 Bc1 173. Bf3 Bf4 174. Be4 Bc1 175. Bh1 Bf4
176. Bf3 Bc1 177. Ke4 Bf4 178. Kd3 Bc1 179. Be4 Bf4 180. Bh1 Bc1 181. Ke4 Bf4
182. Kf5 {Der weisse Koenig wird gefaehrlich} 182... Bc1 183. Ba8 Bf4 184. Be4
Bc1 185. Kf6 Bf4 186. Bb7 Bc1 187. Kf5 Bf4 188. Bf3 Bc1 189. Kf6 Bf4 190. Be4
Bc1 191. Bf5 1/2-1/2